| 000 | 00393nam a22001217a 4500 | ||
|---|---|---|---|
| 020 | _a 978-1-60086-751-4 | ||
| 082 |
_a629.1341 _bNIC |
||
| 100 |
_a Nicolai ,Leland M. _9119369 |
||
| 245 |
_aFundamentals of Aircraft and Airship Design : _bVolume I — Aircraft Design / _cLeland M. Nicolai & Grant E. Carichner |
||
| 260 |
_a Virginia : _bAIAA, _c2010. |
||
| 300 | _a755. p ; | ||
| 942 |
_2ddc _cBK |
||
| 999 |
_c607125 _d607125 |
||